| 000 | 00357 a2200157 4500 | ||
|---|---|---|---|
| 001 | 47215 | ||
| 020 | _a9788508158072 | ||
| 040 | _cAnchieta - Aquarius | ||
| 100 | _aMachado, Ana Maria | ||
| 240 | 1 | 0 |
_aA arara e o guaranĂ¡ _lpor |
| 245 | 1 | 0 | _aA arara e o guaranĂ¡ |
| 300 | _a24p. | ||
| 362 | 0 | _a2013 | |
| 650 | 4 | _aLiteratura infanto-juvenil | |
| 942 | _cBK | ||
| 999 |
_c47215 _d47215 |
||